000 nam a22 7a 4500
999 _c65163
_d65163
005 20230720114950.0
008 230720b xxu||||| |||| 00| 0 eng d
040 _aANE
041 _aEs
082 _a340.1 E21
110 _aEdiciones Legales
245 _aColeccion de Jurisprudencia
_bDepartamento Juridico
260 _aQuito
_c1999
300 _a568 p.
650 _aJurisprudencia
942 _2ddc
_cBK
_zNr.